00353nam a2200109Ia 4500008004100000082001300041100001800054245005500072942000600127952009500133999001500228240331s9999 xx 000 0 und d a300bQUA aBauer,M.W. ed 0aQualtitative researching with text image and sound cL 001040708LaWERCLbWERCLcSSCd2024-03-31l0o 300 QUAp4698r2024-03-31w2024-03-31yL c1071d1071